00557cam a22002051i 4500001001300000003000400013005001700017008004100034010001700075035002000092040002100112042001200133050002000145100001900165245007600184260003200260300002100292752002100313999001700334he 68002016 DLC20260227111500.0860815s1968 is 000 1 yid  ahe 68002016  a(OCoLC)19315515 aDLCcMHdCUdDLC apremarc00aPJ5129.K298bV41 aKarmiol, Wolf.10aṾegener tsien tsum sof ṿelṭ :bdertseylungen /cṾolf Ḳarmiol. aTel Aviv :bMenorah,c1968. a296 p. ;c22 cm. aIsraeldTel Aviv c33475d33475